Score 0/9 Timer 01:00
0 Plays Today
Hint Youtuber % Correct
Beauty Vlogger,British,A Sugg 7 million subsZoella
79.5%
A Sugg,The younger one 3.5 million subsThatcherJoe
77.1%
Brofist. a **** load of subsPewdiepie
73.4%
South African,Lives in England 3/4 million suscribersCaspar
60.2%
British,Twins 3.8 million subsJacksgap
52.9%
British,Black Haired and brown eyed 4 million suscribersDanisnotonfire
49.5%
2 American guys 19 million subsSmosh
45.8%
British,Black Haired and green eyed 2 million suscribersAmazingPhil
44.8%
British,Get Hyper, 8 million subsKSI
22.5%
Remove Ads.
Support Sporcle.
Get the best of Sporcle when you Go Orange. This ad-free experience offers more features, more stats, and more fun while also helping to support Sporcle. Thank you for becoming a member.

You're not logged in!

Compare scores with friends on all Sporcle quizzes.
OR
Log In

Show Comments

Extras

Created Jan 11, 2015ReportNominate
Tags:British, Internet, Youtube, Youtubers

Top Quizzes Today


Score Distribution

Your Account Isn't Verified!

In order to create a playlist on Sporcle, you need to verify the email address you used during registration. Go to your Sporcle Settings to finish the process.

Report this User

Report this user for behavior that violates our Community Guidelines.

Details: